| 000 -LEADER |
| fixed length control field |
01292cam a22003134a 4500 |
| 001 - CONTROL NUMBER |
| control field |
14503180 |
| 003 - CONTROL NUMBER IDENTIFIER |
| control field |
NUST |
| 005 - DATE AND TIME OF LATEST TRANSACTION |
| control field |
20221115115855.0 |
| 008 - FIXED-LENGTH DATA ELEMENTS--GENERAL INFORMATION |
| fixed length control field |
060817s2007 nyua b 001 0 eng |
| 010 ## - LIBRARY OF CONGRESS CONTROL NUMBER |
| LC control number |
2006932970 |
| 020 ## - INTERNATIONAL STANDARD BOOK NUMBER |
| International Standard Book Number |
9780387331942 (acidfree paper) |
| 020 ## - INTERNATIONAL STANDARD BOOK NUMBER |
| International Standard Book Number |
0387331948 (acidfree paper) |
| 020 ## - INTERNATIONAL STANDARD BOOK NUMBER |
| International Standard Book Number |
9780387331959 (eISBN) |
| 020 ## - INTERNATIONAL STANDARD BOOK NUMBER |
| International Standard Book Number |
0387331956 (eISBN) |
| 040 ## - CATALOGING SOURCE |
| Original cataloging agency |
DLC |
| Transcribing agency |
DLC |
| Modifying agency |
DLC |
| 050 00 - LIBRARY OF CONGRESS CALL NUMBER |
| Classification number |
QA184.2 |
| Item number |
.S56 2007 |
| 082 00 - DEWEY DECIMAL CLASSIFICATION NUMBER |
| Classification number |
512.5,SHO |
| Edition number |
22 |
| 100 1# - MAIN ENTRY--PERSONAL NAME |
| Personal name |
Shores, Thomas S. |
| 9 (RLIN) |
56923 |
| 245 10 - TITLE STATEMENT |
| Title |
Applied linear algebra and matrix analysis / |
| Statement of responsibility, etc. |
Thomas S. Shores. |
| 260 ## - PUBLICATION, DISTRIBUTION, ETC. |
| Place of publication, distribution, etc. |
New York : |
| Name of publisher, distributor, etc. |
Springer, |
| Date of publication, distribution, etc. |
c2007. |
| 300 ## - PHYSICAL DESCRIPTION |
| Extent |
xii, 383 p. : |
| Other physical details |
ill. ; |
| Dimensions |
25 cm. |
| 490 0# - SERIES STATEMENT |
| Series statement |
Undergraduate texts in mathematics |
| 505 ## - FORMATTED CONTENTS NOTE |
| Formatted contents note |
Linear systems of Equations (Page-1), Matrix Algebra (Page-55), Vector Spaces (Page-1450, Geometrical Aspects of Standard Spaces (Page-211), The Eigenvalue Problem (Page-251), Geometrical Aspects of Abstract Space (Page-305). |
| 650 #0 - SUBJECT ADDED ENTRY--TOPICAL TERM |
| Topical term or geographic name entry element |
Algebras, Linear. |
| 9 (RLIN) |
10720 |
| 650 #0 - SUBJECT ADDED ENTRY--TOPICAL TERM |
| Topical term or geographic name entry element |
Matrix analytic methods. |
| 9 (RLIN) |
102617 |
| 856 41 - ELECTRONIC LOCATION AND ACCESS |
| Materials specified |
Table of contents only |
| Uniform Resource Identifier |
<a href="http://www.loc.gov/catdir/toc/fy0706/2006932970.html">http://www.loc.gov/catdir/toc/fy0706/2006932970.html</a> |
| 856 42 - ELECTRONIC LOCATION AND ACCESS |
| Materials specified |
Publisher description |
| Uniform Resource Identifier |
<a href="http://www.loc.gov/catdir/enhancements/fy0824/2006932970-d.html">http://www.loc.gov/catdir/enhancements/fy0824/2006932970-d.html</a> |
| 942 ## - ADDED ENTRY ELEMENTS (KOHA) |
| Source of classification or shelving scheme |
|
| Koha item type |
Book |
| Call number prefix |
512.5,SHO |